000 01599cad a22002415a 4500
001 L138124
008 070517s2007 xxk f w 000 0 eng d
035 _a(Sirsi) u138124
041 0 _aeng
245 0 0 _aR (Anti-Waste Ltd) V Environment Agency
_h[electronic resource]
260 _c2007
520 _a[2007] EWHC 717 (Admin), 4 April 2007. Considers whether the procedure of piggybacking waste, where a cell of waste is deposited on a site already partly occupied by another, is lawful. The defendant had refused permission. The appellant contended that it was a lawful procedure providing there was no danger of pollution from either the old or the new waste cell. "Held": It was found that the piggybacking of waste cells was acceptable only if it could be demonstrated that there was no risk of pollution from either cell of waste. The concern of the waste affecting groundwater did not enter this case for consideration but it was held that this would constitute a risk of pollution if present. The appeal was upheld.
590 _aKA
650 2 4 _aR (ANTI-WASTE LTD) V ENVIRONMENT AGENCY
650 2 4 _aDIRECTIVE 1996/61/EC
650 2 4 _aPOLLUTION PREVENTION AND CONTROL (ENGLAND AND WALES) REGULATIONS 2000
650 2 4 _aLANDFILL (ENGLAND AND WALES) REGULATIONS 2002
650 2 4 _aBLACKLAND PARK EXPLORATION LTD V ENVIRONMENT AGENCY
651 4 _aEngland and Wales
_y1543-
690 _aENVIRONMENTAL AND LAND CONSULTANCY-WASTE MANAGEMENT
856 4 0 _uhttps://www.bailii.org/ew/cases/EWHC/Admin/2007/717.html
_zView the article free of charge at www.bailii.org...
942 _n0
999 _c78794
_d78794